| 000 | 00427nam a22001817a 4500 | ||
|---|---|---|---|
| 003 | SGT | ||
| 020 | _a97881950506002 | ||
| 082 |
_a618.92 _bP22B |
||
| 100 | _aBHAT, RAMA | ||
| 245 | _aPRACTICAL NEONATOLOGY VOL-2 | ||
| 260 |
_aINDIA _bIJP _c2022 |
||
| 300 | _a888 | ||
| 650 | _aPEDIATRICS | ||
| 653 | _aRESPIRATORY DISORDERS | ||
| 653 | _aCARDIOVASCULAR DISORDERS | ||
| 653 | _aHEMATOLOGICAL DISORDERS | ||
| 942 |
_2ddc _cBK |
||
| 999 |
_c27706 _d27706 |
||